Comparative Political Studies

Bibliographic Details
Format: eBook
Language:English
Subjects:
Online Access:Acceso restringido

MARC

LEADER 00000nam a22000007a 4500
005 20211012224229.0
007 cr|||| |||
008 211012c19689999us mr|w s|||| 0|||b1eng d
022 |a 0010-4140 
035 |a 33778 
040 |a vLex 
090 |c 12529  |d 12529 
245 0 0 |a Comparative Political Studies  |h [Recurso electrn̤ico] / 
256 |a Servicio en ln̕ea 
300 |a 1 recurso electrn̤ico 
310 |a Mensual 
362 |a Nð 1-1 (Abr. 1968) - 
506 1 |a Disponible solo en los productos indicados  |d vLex Global  |d vLex Global (Academic Edition, excluding Law Schools)  |d vLex Global (Academic Edition, Law Schools) 
650 0 4 |a Derecho Internacional  |z Estados Unidos 
740 0 |a vLex Revistas (Servicio en ln̕ea) 
856 4 0 |u https://app.vlex.com/#/sources/33778  |z Acceso restringido 
942 |c REV 
999 0 |a International right